[Event "FIN-chT1A 1819"]
[Site "Finland"]
[Date "2018.09.15"]
[Round "1.4"]
[White "Wikman, Jimmy"]
[Black "Nordlund, Jukka"]
[Result "1/2-1/2"]
[WhiteElo "2130"]
[BlackElo "2135"]
[PlyCount "35"]
[EventDate "2018.09.15"]
[EventType "team-tourn"]
[EventRounds "7"]
[EventCountry "FIN"]
[SourceTitle "EXT 2020"]
[Source "ChessBase"]
[SourceDate "2019.10.17"]
[SourceVersion "1"]
[SourceVersionDate "2019.10.17"]
[SourceQuality "1"]
[WhiteTeam "Karjaa KarjUra"]
[BlackTeam "Pori PSY"]
[WhiteTeamCountry "FIN"]
[BlackTeamCountry "FIN"]

1. e4 c5 2. Nc3 a6 3. Nf3 e6 4. g3 b5 5. Bg2 Bb7 6. d3 d6 7. 0-0 Be7 8. Be3 Nf6 9. h3 0-0 10. e5 dxe5 11. Nxe5 Bxg2 12. Kxg2 Qc7 13. f4 Nc6 14. Nxc6 Qxc6+ 15. Qf3 Qxf3+ 16. Kxf3 Rac8 17. Ne4 c4 18. d4 1/2-1/2